[Event "AUTO-BEG-689"]
[Site "http://www.queenalice.com/game.php?id=1862189"]
[Date "2025.8.28"]
[Round "1"]
[White "nuzera"]
[Black "Ruusgugg"]
[Result "0-1"]
[WhiteElo "1491"]
[BlackElo "1380"]

1. e4 a6 2. d4 Nf6 3. e5 Nd5 4. Bc4 e6 5. Qe2 g5 6. h3 Nf4 7. Bxf4 gxf4 8. d5
Qg5 9. f3 b5 10. Bb3 c5 11. dxc6 Nxc6 12. Qe4 Qxg2 13. Qxf4 Qxh1 14. Qg3 Nd4 15.
Qg5 Nxf3+ 16. Kf2 Nxg5 17. h4 Ne4+ 18. Ke3 Bb7 19. Ne2 Qxh4 20. Nd2 Bc5+ 21. Kd3
Nf2+ 22. Kc3 Qb4# 0-1

[Event "AUTO-INT-3931"]
[Site "http://www.queenalice.com/game.php?id=1862483"]
[Date "2025.9.3"]
[Round "2"]
[White "Ruusgugg"]
[Black "nuzera"]
[Result "0-1"]
[WhiteElo "1327"]
[BlackElo "1385"]

1. e4 e5 2. Bc4 Qh4 3. g3 Qxe4+ 4. Be2 Qxh1 5. Bf3 Qxg1+ 6. Ke2 Qxh2 7. d3 Nc6
8. Nc3 Nd4+ 9. Ke3 Bc5 10. Bd5 Nxc2+ 11. Ke2 Qxf2# 0-1

[Event "AUTO-INT-3931"]
[Site "http://www.queenalice.com/game.php?id=1862484"]
[Date "2025.9.3"]
[Round "2"]
[White "nuzera"]
[Black "Ruusgugg"]
[Result "1-0"]
[WhiteElo "1517"]
[BlackElo "1393"]

1. e4 a6 2. d4 e6 3. e5 b5 4. Qf3 c6 5. a4 b4 6. a5 Bb7 7. b3 Qc7 8. Bf4 f5 9.
exf6 Qd8 10. f7+ Ke7 11. fxg8=Q Rxg8 12. Bg5+ Ke8 13. Bxd8 Kxd8 14. Qe4 h5 15.
Qh4+ Kc8 16. Qxh5 c5 17. dxc5 g6 18. Qe5 Nc6 19. Qf4 g5 20. Qf7 Rh8 21. Nf3 g4
22. Ng5 Ne5 23. Qf6 1-0

[Event "AUTO-INT-3931"]
[Site "http://www.queenalice.com/game.php?id=1862485"]
[Date "2025.9.3"]
[Round "2"]
[White "altair"]
[Black "nuzera"]
[Result "0-1"]
[WhiteElo "1856"]
[BlackElo "1444"]

1. e4 e5 2. Nf3 d5 3. d3 Bg4 4. h3 Bh5 5. g4 Bg6 6. Nxe5 Qf6 7. f4 Qh4+ 8. Kd2
dxe4 9. Nxg6 hxg6 10. Qe2 Nc6 11. Qxe4+ Be7 12. Nc3 Nf6 13. Qc4 Qf2+ 14. Be2
Nxg4 15. Rf1 Qg3 16. Bxg4 Qg2+ 17. Be2 O-O-O 18. b3 Bf6 19. Bb2 Rde8 20. Rae1
Bh4 21. Rd1 Qxh3 22. Rg1 Qe3# 0-1

[Event "AUTO-INT-3928"]
[Site "http://www.queenalice.com/game.php?id=1862948"]
[Date "2025.9.13"]
[Round "3"]
[White "nuzera"]
[Black "Yanni"]
[Result "0-1"]
[WhiteElo "1468"]
[BlackElo "1500"]

1. e4 e5 2. d4 Bb4+ 3. Bd2 a5 4. Bxb4 axb4 5. Qh5 Nf6 6. Bc4 Nxh5 7. dxe5 Qh4 8.
Bd3 Qg5 9. Ne2 Qxg2 10. Rg1 Qxh2 11. Nd2 Qxe5 12. Nc4 Qh2 13. O-O-O Qxf2 14. Rg5
Nf6 15. Kb1 Rg8 16. e5 Nd5 17. Nc1 b5 18. Nd2 Na6 19. Ne4 b3 20. Nxf2 h6 21. Rh5
Bb7 22. Nxb3 Ndb4 23. Bxb5 Nb8 24. Rh4 Nxa2 25. c3 g5 26. Rc4 g4 27. Rxc7 Ra7
28. Nc5 Kf8 29. Nxb7 g3 30. Rc8+ Kg7 0-1

[Event "AUTO-INT-3928"]
[Site "http://www.queenalice.com/game.php?id=1862949"]
[Date "2025.9.13"]
[Round "3"]
[White "Yanni"]
[Black "nuzera"]
[Result "1-0"]
[WhiteElo "1515"]
[BlackElo "1453"]

1. e4 e5 2. Nf3 d5 3. Nxe5 Qe7 4. f4 Nf6 5. Bb5+ Bd7 6. Bd3 dxe4 7. Bc4 g5 8. d4
Bf5 9. Bxf7+ Kd8 10. h3 Nbd7 11. Bc4 b5 12. Bxb5 Qb4+ 13. Nc3 Nxe5 14. a3 Qd6
15. fxe5 Qe6 16. Bf4 gxf4 17. d5 Qxe5 18. d6 Bxd6 19. Qe2 f3 20. gxf3 Qg3+ 21.
Kd2 exf3 22. Qd1 Qf2+ 23. Kc1 Qe3+ 24. Kb1 f2 25. Ka2 Bxh3 26. Rb1 Bg2 27. Rh2
f1=Q 28. Bxf1 Bxf1 29. Qxf1 Qe6+ 30. b3 1-0

[Event "AUTO-INT-3944"]
[Site "http://www.queenalice.com/game.php?id=1862966"]
[Date "2025.9.13"]
[Round "1"]
[White "game"]
[Black "nuzera"]
[Result "0-1"]
[WhiteElo "1640"]
[BlackElo "1495"]

1. e4 e5 2. Nf3 d5 3. d4 dxe4 4. Ng5 f5 5. Bc4 Nh6 6. dxe5 Qxd1+ 7. Kxd1 Ng4 8.
Rf1 Nxh2 9. Rh1 Ng4 10. Rf1 Nc6 11. Bf7+ Ke7 12. Bd5 h6 13. Nf7 Rh7 14. e6 Bxe6
15. Bxc6 bxc6 16. f3 exf3 17. gxf3 Nh2 18. Rf2 Nxf3 19. Rxf3 Kxf7 20. Nc3 g5 21.
a4 a5 22. b3 Bg7 23. Bb2 h5 24. Kd2 g4 25. Re3 Bh6 26. Re1 g3 27. Rg1 Bf4 28.
Ne2 Rd8+ 29. Nd4 c5 30. Kc1 Bxe3+ 31. Kb1 Bxg1 32. Nc6 Rd1+ 33. Ka2 g2 34. Nd8+
Rxd8 35. Be5 Rd2 0-1

[Event "AUTO-INT-3944"]
[Site "http://www.queenalice.com/game.php?id=1862967"]
[Date "2025.9.13"]
[Round "1"]
[White "nuzera"]
[Black "game"]
[Result "0-1"]
[WhiteElo "1528"]
[BlackElo "1634"]

1. e4 c5 2. Qh5 Nf6 3. Qe5 d6 4. Qc3 Nxe4 5. Qc4 Bf5 6. Bd3 d5 7. Qb5+ Nc6 8. f3
Nd6 9. Qxc5 e6 10. Bxf5 Nxf5 11. Qb5 Nd4 12. Qd3 Bc5 13. c3 Nf5 14. Qb5 Qd6 15.
Qxb7 O-O 16. b4 Qe5+ 17. Ne2 Nd6 18. Qxc6 Rac8 19. Qa6 Nc4 20. d4 Bxd4 21. cxd4
Qf6 22. Qxa7 Qg6 23. O-O Qd3 24. Qa6 Qxe2 25. Nd2 Qe3+ 26. Rf2 Qxd4 27. Nb3 Qc3
28. b5 g6 29. Rb1 Qd3 30. f4 Qxb1 31. Rf1 Ra8 32. Qc6 Qxa2 33. Nc5 Rac8 34. Qd7
Rxc5 35. b6 Nxb6 36. Qd6 Qa5 37. Be3 Nc8 38. Qxc5 Qd8 39. Qd4 Nd6 40. g4 Qh4 41.
g5 Nf5 42. Qd3 Qg4+ 43. Kh1 Qh3 44. Rg1 Nxe3 45. Qb1 Qf3+ 46. Rg2 Qxg2# 0-1

[Event "AUTO-INT-3945"]
[Site "http://www.queenalice.com/game.php?id=1863596"]
[Date "2025.9.30"]
[Round "1"]
[White "game"]
[Black "nuzera"]
[Result "1-0"]
[WhiteElo "1614"]
[BlackElo "1432"]

1. e4 e5 2. Nf3 d5 3. Nc3 d4 4. Nd5 f5 5. Bc4 fxe4 6. Nxe5 c6 7. Nb4 Nh6 8. d3
Qd6 9. Qh5+ Kd8 10. Bxh6 gxh6 11. Nf7+ 1-0

[Event "AUTO-INT-3945"]
[Site "http://www.queenalice.com/game.php?id=1863597"]
[Date "2025.9.30"]
[Round "1"]
[White "nuzera"]
[Black "game"]
[Result "1-0"]
[WhiteElo "1471"]
[BlackElo "1664"]

1. e4 d6 2. d4 Nf6 3. Bb5+ Bd7 4. Qd3 e6 5. Bc4 d5 6. exd5 exd5 7. Bb3 Ng4 8.
Qe2+ Be6 9. Nf3 Nc6 10. Ng5 Nxd4 11. Qd3 Nxb3 12. Qxb3 Qf6 13. O-O Qh6 14. h3
Nf6 15. Nxe6 Qg6 16. Nxc7+ Kd7 17. Nxa8 Bc5 18. Qxb7+ Ke6 19. Nc7+ Kf5 20. Nxd5
Qh5 21. Nxf6 gxf6 22. g4+ 1-0